[Event "Dortmund1"]
[Site "Dortmund"]
[Date "2006.10.05"]
[Round "1.1"]
[White "Mokros, Juergen"]
[Black "Benke, Werner"]
[Result "1-0"]
[WhiteElo "1527"]
[BlackElo "1556"]
[PlyCount "99"]
[EventDate "2006.10.15"]
[EventType "swiss"]
[EventRounds "9"]
[EventCountry "GER"]
[SourceTitle "EXT 2007"]
[Source "ChessBase"]
[SourceDate "2006.11.23"]
[SourceVersion "1"]
[SourceVersionDate "2006.11.23"]
[SourceQuality "1"]

1. Nf3 Nf6 2. d4 d5 3. e3 Bg4 4. Nbd2 e6 5. c3 Nbd7 6. Qb3 Rb8 7. h3 Bxf3 8. Nxf3 Bd6 9. c4 c6 10. Be2 0-0 11. 0-0 h6 12. Rd1 Ne4 13. Nd2 Ndf6 14. Qc2 Nxd2 15. Bxd2 Ne4 16. Bd3 f5 17. Be1 Rc8 18. c5 Bb8 19. b4 Qc7 20. g3 h5 21. f4 Qf7 22. h4 Qg6 23. Bxe4 fxe4 24. Qe2 Bc7 25. Rab1 Bd8 26. Kh2 Bc7 27. a4 b6 28. cxb6 axb6 29. Rdc1 Bd6 30. a5 c5 31. bxc5 bxc5 32. dxc5 Rxc5 33. Rxc5 Bxc5 34. Bc3 Qe8 35. Rb7 Rf7 36. Rxf7 Qxf7 37. Bd4 Bxd4 38. exd4 Qa7 39. Qd2 Qa6 40. Kg2 Kf7 41. Kf2 Qc4 42. Qb2 Qd3 43. Qe2 Qxd4+ 44. Kg2 g6 45. a6 e3 46. Kh3 Kf6 47. g4 Qxf4 48. g5+ Kf7 49. a7 Qf5+ 50. Kg2 1-0

[Event "Dortmund FSV op"]
[Site "Dortmund"]
[Date "2006.04.20"]
[Round "9"]
[White "Mokros, Juergen"]
[Black "Schulz Runge, Michael"]
[Result "1-0"]
[WhiteElo "1539"]
[BlackElo "1701"]
[PlyCount "101"]
[EventDate "2006.01.19"]
[EventType "swiss"]
[EventRounds "9"]
[EventCountry "GER"]
[SourceTitle "EXT 2007"]
[Source "ChessBase"]
[SourceDate "2006.11.23"]
[SourceVersion "1"]
[SourceVersionDate "2006.11.23"]
[SourceQuality "1"]

1. d4 Nf6 2. Nf3 c5 3. e3 Ne4 4. Bd3 d5 5. c3 Bg4 6. Qa4+ Bd7 7. Qc2 Nc6 8. Bxe4 dxe4 9. Qxe4 cxd4 10. exd4 Be6 11. 0-0 g6 12. Bf4 Bf5 13. Qe2 Bg7 14. Nbd2 0-0 15. Nc4 Qd5 16. Nce5 Nxe5 17. Nxe5 Rac8 18. Rfe1 h5 19. Rac1 Rfe8 20. b3 f6 21. Nf3 g5 22. Be3 h4 23. c4 Qf7 24. d5 h3 25. Nd4 Bd7 26. Bd2 Qg6 27. Ne6 Kf7 28. Qf3 hxg2 29. Nxg5+ Kg8 30. Ne6 Bxe6 31. Rxe6 Kf7 32. Qxg2 Qd3 33. Be3 Bh6 34. Qh3 Rg8+ 35. Kh1 Rg6 36. Re1 Bf8 37. Qh7+ Ke8 38. Qh5 Kd7 39. Rd1 Qc2 40. c5 Bh6 41. c6+ Kd8 42. Bxa7 Bf4 43. Bb6+ Ke8 44. Qh8+ Kf7 45. Qh7+ Kf8 46. Qh8+ Kf7 47. Rxe7+ Kxe7 48. Re1+ Kf7 49. Qxc8 Be5 50. Qd7+ Kg8 51. c7 1-0

[Event "Dortmund FSV op"]
[Site "Dortmund"]
[Date "2006.04.06"]
[Round "8"]
[White "Dieckmann, Rudolf"]
[Black "Mokros, Juergen"]
[Result "1/2-1/2"]
[WhiteElo "1592"]
[BlackElo "1539"]
[PlyCount "60"]
[EventDate "2006.01.19"]
[EventType "swiss"]
[EventRounds "9"]
[EventCountry "GER"]
[SourceTitle "EXT 2007"]
[Source "ChessBase"]
[SourceDate "2006.11.23"]
[SourceVersion "1"]
[SourceVersionDate "2006.11.23"]
[SourceQuality "1"]

1. c4 Nf6 2. Nc3 g6 3. Nf3 Bg7 4. e4 0-0 5. d4 d6 6. h3 Na6 7. Be3 c5 8. d5 Bd7 9. Bd3 Nb4 10. Bb1 Nxe4 11. Bxe4 f5 12. Bb1 e5 13. dxe6 Bxe6 14. Nd2 f4 15. 0-0 fxe3 16. fxe3 Qg5 17. Rf3 Rxf3 18. Qxf3 Bh6 19. Nd1 d5 20. a3 Rf8 21. Qe2 Nc6 22. Nf3 Qh5 23. cxd5 Bxd5 24. e4 Be6 25. Ba2 Bxa2 26. Rxa2 g5 27. Qc4+ Qf7 28. Qxf7+ Kxf7 29. Nf2 Kg6 30. b3 Bg7 1/2-1/2

[Event "Dortmund FSV op"]
[Site "Dortmund"]
[Date "2006.03.02"]
[Round "6"]
[White "Mokros, Juergen"]
[Black "Hiltmann, Siegfried"]
[Result "1-0"]
[WhiteElo "1400"]
[BlackElo "1693"]
[PlyCount "93"]
[EventDate "2006.01.19"]
[EventType "swiss"]
[EventRounds "9"]
[EventCountry "GER"]
[SourceTitle "EXT 2007"]
[Source "ChessBase"]
[SourceDate "2006.11.23"]
[SourceVersion "1"]
[SourceVersionDate "2006.11.23"]
[SourceQuality "1"]

1. e3 g6 2. Nf3 Bg7 3. d4 d6 4. Bc4 Nf6 5. 0-0 0-0 6. c3 Nc6 7. h3 Bf5 8. Nbd2 Na5 9. Nh4 Nxc4 10. Nxc4 Be6 11. Nd2 Bd5 12. c4 Bc6 13. d5 Bd7 14. Nhf3 e5 15. e4 Nh5 16. Nb3 Nf4 17. Bxf4 exf4 18. Qc1 Qf6 19. Rb1 g5 20. Re1 Rae8 21. c5 h5 22. c6 bxc6 23. dxc6 Bc8 24. Qd2 g4 25. hxg4 hxg4 26. Nh2 Qh4 27. Qd3 Be5 28. Nd2 Kg7 29. b4 Rh8 30. Ndf1 g3 31. fxg3 fxg3 32. Re2 gxh2+ 33. Kh1 Qg5 34. g3 Rh3 35. Rg2 Reh8 36. Re1 Bg4 37. Re3 Qf6 38. a4 Bd4 39. Re1 Bf3 40. Ree2 Rxg3 41. Nxg3 Rh3 42. Nh5+ Kf8 43. Nxf6 Bxg2+ 44. Rxg2 Rxd3 45. Rg8+ Ke7 46. Nd5+ Ke6 47. Re8# 1-0